Merry Gentry's Twins' Fathers Quiz Stats

 Plays Quiz not verified by Sporcle

Score 0/6 Timer 03:00
0 Plays Today
Name % Correct
Doyle
100%
Frost
100%
Galen
90.3%
Rhys
87.1%
Sholto
80.6%
Mistral
80.6%

You're not logged in!

Compare scores with friends on all Sporcle quizzes.
OR
Log In

Show Comments

Extras

Created Feb 19, 2012ReportNominate
Tags:father, merry, twins

Top Quizzes Today


Score Distribution

Your Account Isn't Verified!

In order to create a playlist on Sporcle, you need to verify the email address you used during registration. Go to your Sporcle Settings to finish the process.

Report this User

Report this user for behavior that violates our Community Guidelines.

Details: